| 000 | 00596nam a2200205 a 4500 | ||
|---|---|---|---|
| 001 | 16382 | ||
| 003 | CO-ViMGA | ||
| 008 | 141112s2004 ck r 000 u spa d | ||
| 020 | _a958300636X | ||
| 040 |
_aCO-ViMGA _bspa _cCO-ViMGA |
||
| 082 | 0 | 4 | _aCo863.08 C835c |
| 100 | 1 |
_aHernández, Carlos Nicolás _98103 |
|
| 245 | 1 | 0 | _aCuentistas Bogotános |
| 260 |
_aBogotá : _bPanAméricana, _c1999 |
||
| 300 | _a284.p. | ||
| 490 | _aBiblioteca del cuento Colombiano | ||
| 590 | _aForma de adquisición : Premio - Mincultura | ||
| 650 | 1 | 4 |
_aCUENTOS COLOMBIANOS - COLECCIONES _915113 |
| 942 |
_2ddc _cBK |
||
| 999 |
_c26252 _d26252 |
||